Del manual de la calidad al manual de gestión : la herramienta estratégica /
Contenido: Introducción. Parte I: Principios generales: Evolución de los sistemas de gestión; Conceptos de gestión; Arquitectura del sistema documental; Principios de redacción de un manual de gestión. Parte II: Contenido del manual de gestión: Apartados introductorios y documentos anexos; Sistema d...
שמור ב:
| מחבר ראשי: | |
|---|---|
| פורמט: | ספר |
| שפה: | ספרדית |
| יצא לאור: |
Madrid, España :
Asociación Española de Normalización y Certificación,
2003, c2003
|
| נושאים: | |
| תגים: |
אין תגיות, היה/י הראשונ/ה לתייג את הרשומה!
|
MARC
| LEADER | 00000nam^a2200000^a^4500 | ||
|---|---|---|---|
| 001 | 000183586 | ||
| 005 | 20250521000000.0 | ||
| 009 | 20260310102044.899 | ||
| 020 | |a 84-8143-353-5 | ||
| 037 | |a Acervo ITESO - Biblioteca | ||
| 041 | |a ESP | ||
| 082 | |a 658. 4013 |b FRO | ||
| 100 | |a Froman, Bernard |e (autor) | ||
| 245 | 1 | 0 | |a Del manual de la calidad al manual de gestión : |b la herramienta estratégica / |c B. Froman ; pref. de Jean-Luc Laffargue ; tr. por Asociación de Traductores e Intérpretes. |
| 264 | 4 | |a Madrid, España : |b Asociación Española de Normalización y Certificación, |c 2003, c2003 | |
| 300 | |a 303 p. | ||
| 336 | |a texto |b txt |2 rdacontenido | ||
| 337 | |a sin mediación |b n |2 rdamedio | ||
| 338 | |a volumen |b nc |2 rdasoporte | ||
| 500 | |a Traducción de: Du manuel qualité au manuel de management. L'outil stratégique | ||
| 520 | |a Contenido: Introducción. Parte I: Principios generales: Evolución de los sistemas de gestión; Conceptos de gestión; Arquitectura del sistema documental; Principios de redacción de un manual de gestión. Parte II: Contenido del manual de gestión: Apartados introductorios y documentos anexos; Sistema de gestión; Responsabilidades de la dirección; Control de los documentos y de la información; Planificación de la gestión; Gestión de los recursos humanos; Toma en consideración y revisión de los requisitos; Diseño y desarrollo; Compras; Gestión de la producción; Control de las no conformidades; Evaluación de la conformidad; la eficacia y la eficiencia; Enfoque económico de los sistemas de gestión; Mejora continua. | ||
| 649 | |a XX | ||
| 650 | |a Manual de Organización | ||
| 650 | |a Sistemas de Información | ||
| 650 | |a Normalización y Certificación | ||
| 650 | |a Control Interno | ||
| 650 | |a Control de Calidad | ||
| 650 | |a Evaluación del Desempeño | ||
| 650 | |a Organización Administrativa | ||
| 650 | |a Planeación Estratégica | ||
| 650 | |a Planeación Administrativa | ||
| 650 | |a Compras de Material - |x Administración | ||
| 650 | |a Proceso de Producción - |x Administración | ||
| 650 | |a Recursos Humanos - |x Dirección | ||
| 650 | |a Proceso Administrativo - |x Dirección | ||
| 650 | |a Administración | ||
| 650 | |a Ciencias Administrativas | ||
| 910 | |a Fondo General | ||
| 920 | |a Impresos - Libros | ||
| 930 | |a Colección General | ||
| 905 | |a 101 | ||
| 901 | |a 0500124009 |b IT1 |c ACC |u 20250521 | ||
| 902 | |a https://opac.biblio.iteso.mx/vufind/Record/000183586 | ||